000 00588nam a22001697a 4500
003 MACL
005 20160601152255.0
008 160601b xxu||||| |||| 00| 0 eng d
040 _cMACL
041 _aHindi
082 _a910 SRI
100 _aश्रीवास्‍तव, राजेश
_951992
245 _aमेरी भारत यात्रा
_cराजेश श्रीवास्‍तव
260 _aनर्इ दिल्‍ली
_bप्रगतिशील प्रकाशन
_c2011
650 _aयात्रा
_961380
942 _2ddc
_cHIN
999 _c54189
_d54189